00930nam a2200217 a 450000100100000000500170001000800410002702000150006804000250008310000280010824501480013626000740028430000210035849000300037970000320040970000410044171000720048283000360055495201050059099900170069500004150720201002034942.0130725s1995 sp 000 0 spa d a8400074939 aDO-SdBNPbspacBNPHU1 aMontes, Catalina96821210aEl inglés antiguo en el marco de las lenguas germánicas occidentales /cCatalina Montes, Ma Pilar Fernández Alvarez, Gudelia Rodríguez. aMadrid :bConsejo Superior de Investigaciónes Científicas,c1995. a513 p. ;c28 cm.1 aTextos universitariosv241 aRodríguez, Gudelia9682131 aFernández Alvarez, Ma Pilar9682142 aConsejo Superior de Investigaciones Científicas (España)915178 0aTextos universitariosv2491147 001050718MOaGRbGRcCTd2013-10-09iLF1l0o p41507-10r2020-06-25w2020-06-25y1ZNo se presta c40997d40997